| 000 | 00386nam a2200169Ia 4500 | ||
|---|---|---|---|
| 001 | 4446 | ||
| 003 | IN-NITTTR | ||
| 005 | 20251114233000.0 | ||
| 008 | 251113s9999||||xx |||||||||||||| ||eng|| | ||
| 040 | _beng | ||
| 040 | _cIN-NITTTR | ||
| 041 | _aeng | ||
| 082 | _a330 B624U | ||
| 100 | _aBlyth, Conrad | ||
| 245 | 4 |
_aThe use of economic statistics. / _cBlyth, Conrad |
|
| 942 |
_2ddc _cBK |
||
| 999 |
_c7082 _d7082 |
||